000 00704nam a22002057a 4500
005 20241007120251.0
010 _aENG-141922
020 _c1425.00
_a9789354421068(Vol 47)
035 _aEN-125454
037 _bDBAD
082 _a401.0954
245 _aPeople's Linguistic Survey Of India:
_bIndian Languages in the Diaspora/
_cEdited by G.N. Devy [and] T. Vijay Kumar
260 _aHimayatnagar , Hyderabad
_bOrient Blackswan Private Limited
_c2022
270 _bTelangana
_a3-6-752 , Himayatnagar
_e500029
300 _a122p;
_c25cm(hb)
490 _v47
700 _aDevy, G.N.
_eEditor
_972413
700 _aT. Vijay Kumar
_eEditor
_972414
942 _2ddc
_cEN
_h401.0954
_mPEO
999 _c206127
_d206127